Ladenie materiálového modelu pre účely segmentovej skúšky

Saved in:
Bibliographic Details
Main Author: Gašpár, Peter, 1987- (Author)
Other Authors: Šolek, Peter, 1950- (Thesis advisor)
Format: Manuscript Book
Language:Slovak
Published: Bratislava : STU v Bratislave SjF, 2013
Subjects:
Online Access:VAIS
Tags: Add Tag
No Tags, Be the first to tag this record!

MARC

LEADER 00000ntm a22000003a 4500
001 stu286890
005 20150617230255.3
008 140321s2013----xo------------------slo-d
040 |a STU  |b slo 
041 0 |a slo 
044 |a xo 
100 1 |a Gašpár, Peter,  |d 1987-  |4 aut  |u J  |T SjF Strojnícka fakulta  |X 57667  |U J  |Y 20  |7 A000057667 
242 0 0 |a Material model debugging for segment test purposes.  |y eng 
245 1 |a Ladenie materiálového modelu pre účely segmentovej skúšky 
260 |a Bratislava :  |b STU v Bratislave SjF,  |c 2013 
650 7 |a aplikovaná mechanika  |2 stusub 
650 7 |a Applied Mechanics  |2 estusub 
700 1 |a Šolek, Peter,  |d 1950-  |4 ths  |u J0010  |U SjF Strojnícka fakulta  |T SjF Ústav aplikovanej mechaniky a mechatroniky  |X 2467  |U J0010  |Y 801  |7 A000002467 
856 4 |a info a plný text  |u http://is.stuba.sk/zp/portal_zp.pl?podrobnosti=94809  |3 VAIS